[Event "Ciutat Barcelona CAT-ARG 2018"]
[Site "Barcelona"]
[Date "2018.10.14"]
[Round "6"]
[White "Peralta, Fernando"]
[Black "Guerra Mendez, Jose Angel"]
[Result "1/2-1/2"]
[WhiteElo "2582"]
[BlackElo "2534"]
[Annotator "TA"]
[PlyCount "102"]
[EventDate "2018.10.08"]
[EventCountry "ESP"]
[SourceTitle "playchess.com"]
[Source "ChessBase"]
[SourceQuality "1"]

{[%evp 22,102,27,21,25,26,29,15,16,4,0,0,0,0,0,0,0,0,0,0,0,0,4,0,0,0,33,0,0,0,0,0,0,0,0,0,0,0,0,0,0,0,0,0,0,-8,-6,-6,0,-8,-8,-8,-8,-8,-8,-559,-470,-610,0,-572,-558,-547,-511,-362,0,0,0,0,0,0,0,0,0,0,0,0,0,0,0,0,0,0,0]} 1. d4 Nf6 2. c4 e6 3. Nf3 b6 4. Nc3 Bb4 5. Bd2 Bb7 6. e3 O-O 7. Bd3 Bxc3 8. Bxc3 Ne4 9. Rc1 f5 10. O-O d6 11. Be1 {E21: Nimzo-Indian: 4 Nf3} (11. Qe2 Nd7 12. Rfd1 Qf6 13. Be1 Qg6 14. Nh4 Qf6 15. Nf3 e5 16. dxe5 Nxe5 17. Nxe5 Qxe5 18. f3 Nc5 {½-½ (87) Kovacs,G (2461)-Heinemann,T (2495) Austria 2018}) 11... Nd7 12. Nd2 {LiveBook: 4 Games} Qe7 13. f3 {White has an edge.} Nxd2 14. Bxd2 e5 $146 ({Predecessor:} 14... c5 15. Qc2 Rac8 16. b4 cxb4 17. Bxb4 Nb8 18. Qa4 Nc6 {1-0 (53) Reede,A (1686)-Poblete,L (1557) LSS email 2014}) 15. Qc2 e4 16. fxe4 Bxe4 17. Bxe4 Qxe4 18. Qxe4 fxe4 19. b4 Rxf1+ 20. Kxf1 $11 {[%mdl 4096] Endgame KRB-KRN} Kf7 21. Ke2 Ke7 22. Be1 c6 23. Bh4+ Nf6 24. Rf1 a5 25. b5 cxb5 26. cxb5 Rc8 27. Kd2 Rc4 28. Rf4 d5 29. Bxf6+ gxf6 {KR-KR} 30. Rh4 Ra4 31. Rxh7+ Ke8 32. Rb7 Rxa2+ 33. Kc3 Rxg2 34. Rxb6 Rxh2 {Threatens to win with ...Re2.} 35. Rd6 Re2 36. Rxd5 Rxe3+ 37. Kc4 Re1 38. b6 $2 {[%mdl 8192]} (38. Rc5 $11) 38... Rc1+ $19 39. Kb5 {[#] aiming for b7.} Rb1+ $2 (39... e3 $19 40. Ka6 Rb1) 40. Ka6 $2 {[%mdl 8192]} (40. Kc6 $11 {and White has nothing to worry.} e3 41. Rd6) 40... e3 41. Rb5 Rxb5 42. Kxb5 {Hoping for b7. K3P-KPP} e2 $2 (42... Kd7 $19 43. Ka6 e2) 43. b7 $11 {The position is equal.} e1=Q 44. b8=Q+ {KQ-KQ} Kf7 {[#] ( -> ...Qb4+)} (44... Kd7 {with more complications.} 45. Qb7+ Ke8 46. Qb8+) 45. Qc7+ Kg6 (45... Qe7 {feels hotter.} 46. Qc4+ Qe6 47. d5 Qd6 48. Kxa5 f5) 46. Qxa5 Qxa5+ 47. Kxa5 {White threatens d5 and mate. KP-KP} f5 48. d5 {d6 is the strong threat.} f4 49. d6 {Intending d7 and mate.} f3 50. d7 f2 51. d8=Q f1=Q {Precision: White = 56%, Black = 70%.} 1/2-1/2

[Event "Ciutat Barcelona CAT-ARG 2018"]
[Site "Barcelona"]
[Date "2018.10.14"]
[Round "6"]
[White "Pichot, Alan"]
[Black "Asis Gargatagli, Hipolito"]
[Result "1-0"]
[WhiteElo "2556"]
[BlackElo "2526"]
[Annotator "TA"]
[PlyCount "55"]
[EventDate "2018.10.08"]
[EventCountry "ESP"]
[SourceTitle "playchess.com"]
[Source "ChessBase"]
[SourceQuality "1"]

{[%evp 24,55,32,14,25,23,16,20,18,10,41,9,35,38,34,34,34,40,36,33,44,45,76,75,77,63,226,121,121,121,330,307,369,306]} 1. e4 c5 2. Nf3 d6 3. d4 cxd4 4. Nxd4 Nf6 5. Nc3 a6 6. a4 g6 7. Be2 Bg7 8. O-O O-O 9. Be3 Nc6 10. Qd2 Bd7 11. f3 Rc8 12. Nxc6 {B90: Sizilianisch (Najdorf-Variante, Abweichungen)} Bxc6 13. a5 {LiveBook: 4 Partien} Qc7 14. Bb6 {Weiß hat minimalen Vorteil.} Qb8 {[#]} 15. Bd4 $146 ({Vorgänger:} 15. Rfd1 Nd7 16. Bd4 Qc7 17. Bxg7 Kxg7 18. Qd4+ Nf6 19. f4 e5 {½-½ (51) Harikrishna,P (2725)-Yilmaz,M (2569) Kocaeli 2014}) 15... e6 16. Rfd1 Rfd8 17. Qg5 e5 18. Bb6 Rd7 $1 19. Bc4 $36 {[%mdl 2048] Weiss steht aktiver.} Bxe4 $1 20. Bxf7+ $1 Rxf7 21. fxe4 Rc4 22. Qe3 Bf8 23. Rf1 Qe8 24. Rf3 Nd7 $2 {[#]} (24... Rc8 $14) 25. Raf1 (25. Rxf7 $1 $18 Kxf7 26. Nd5) 25... Rxf3 $16 26. Qxf3 Qe6 $2 (26... Nxb6 $16 {war einen Versuch wert.} 27. axb6 Bg7) 27. Nd5 $18 {zielt auf Db3 ab.} Rc8 28. Nc7 {Precision: Weiß = 58%, Schwarz = 30%.} 1-0

[Event "Ciutat Barcelona CAT-ARG 2018"]
[Site "Barcelona"]
[Date "2018.10.14"]
[Round "6"]
[White "Alonso Rosell, Alvar"]
[Black "Perez Ponsa, Federico"]
[Result "0-1"]
[WhiteElo "2526"]
[BlackElo "2554"]
[Annotator "TA"]
[PlyCount "74"]
[EventDate "2018.10.08"]
[EventCountry "ESP"]
[SourceTitle "playchess.com"]
[Source "ChessBase"]
[SourceQuality "1"]

{[%evp 24,74,0,0,0,0,-7,0,0,-12,-6,-6,47,53,43,45,117,80,83,86,454,106,114,107,343,81,100,93,129,114,209,164,187,191,159,67,90,65,130,63,99,42,49,47,43,0,41,0,47,-6183,-6079,-5377,-5339]} 1. d4 Nf6 2. c4 g6 3. Nc3 Bg7 4. e4 d6 5. h3 O-O 6. Be3 e5 7. d5 Na6 8. Nf3 Nh5 9. g3 {E90: King's Indian: Classical: Early deviations and 6 h3} f5 10. exf5 gxf5 11. Nh4 Nf6 {[%cal Bh5f6,Bf6d7,Bd7e5,Be5d3][%mdl 32]} 12. Bd3 e4 13. Be2 {LiveBook: 3 Games} Nd7 14. Ng2 Bxc3+ $146 ({Predecessor:} 14... Ne5 15. Nf4 Nc5 {1-0 (35) Ivanisevic,I (2650)-Brenjo,S (2416) Niksic 2016}) 15. bxc3 Ne5 16. O-O Nc5 17. f3 {[%cal Bf2f3,Bf3f4][%mdl 32]} Bd7 (17... exf3 $11 18. Bxf3 Ne4) 18. f4 $1 $14 {[%cal Rf4e5]} Ned3 19. Bd4 c6 (19... h6 $14) 20. dxc6 Bxc6 21. Ne3 $36 {[%mdl 2048] Keeping Black busy.} Rc8 $2 {[%mdl 8192]} (21... Qe7 $16 {is more resistant.}) 22. Kh2 $2 (22. Bxd3 $18 exd3 23. Nxf5 $1 {[%mdl 512]} Rxf5 24. Qg4+ Rg5 25. fxg5) 22... Ne6 $16 23. Bxd3 exd3 $2 {[#]} (23... Nxd4 $16 {was worth a try.} 24. cxd4 exd3) 24. Qxd3 $2 (24. Nxf5 $1 $18 {[%cal Rf5h6][%mdl 512] and the rest is easy.} Rf6 (24... Rxf5 25. Qg4+) 25. Qg4+ Kf8 26. Bxf6 Qxf6 27. Nd4 $1 {[%mdl 512]}) 24... Be4 25. Qd2 b6 26. Rae1 h5 (26... Nxd4 $16 27. cxd4 Qe7) 27. Qd1 Nxd4 28. cxd4 Qe8 {[#]} 29. Rg1 (29. g4 $1 $16) 29... Rc7 30. Qd2 Rg7 (30... Re7 $14) 31. Qb4 (31. Nd5 $16) 31... Qd8 32. d5 (32. Nd1 $16) 32... Qf6 $14 33. Qd2 Re8 34. Rd1 Bf3 {Threatens to win with ...Rge7.} (34... Rge7 $5 {[%cal Re4f3]}) 35. Rde1 {aiming for Ng4.} (35. Rdf1 $5 {[%cal Rf1f3]} Be4 36. Rf2 $14) 35... Rge7 {White must now prevent ...Rxe3!} 36. Qf2 $2 {[%mdl 8192] [#]} (36. Rgf1 $14 Be4 37. a3) 36... Rxe3 $1 $19 37. Rxe3 Rxe3 {Precision: White = 31%, Black = 27%.} 0-1

[Event "Ciutat Barcelona CAT-ARG 2018"]
[Site "Barcelona"]
[Date "2018.10.14"]
[Round "6"]
[White "Diaz Camallonga, Carles"]
[Black "Krysa, Leandro"]
[Result "1-0"]
[WhiteElo "2444"]
[BlackElo "2503"]
[Annotator "TA"]
[PlyCount "69"]
[EventDate "2018.10.08"]
[EventCountry "ESP"]
[SourceTitle "playchess.com"]
[Source "ChessBase"]
[SourceQuality "1"]

{[%evp 14,69,1,0,0,0,0,0,0,0,0,0,0,-6,0,0,0,0,0,0,0,0,5,-6,0,0,23,0,27,-16,15,-66,-57,-60,0,-89,-16,0,65,0,0,0,0,0,144,149,242,269,356,355,467,462,463,459,458,443,785,779]} 1. e4 e5 2. Nf3 Nc6 3. Bb5 a6 4. Ba4 Nf6 5. d3 Bc5 6. Bxc6 dxc6 7. h3 {C77: Ruy Lopez: 3...a6 4 Ba4 Nf6, unusual lines} (7. Nbd2 Bd6 8. Nc4 Qe7 9. Qe2 Nd7 10. g4 Nf8 11. Rg1 Ng6 12. Bg5 f6 13. Be3 Be6 14. h4 Bxc4 15. dxc4 {½-½ (27) Ivanchuk,V (2710)-Muzychuk,A (2564) Jerusalem 2018}) 7... O-O 8. O-O {LiveBook: 3 Games} Re8 9. Nbd2 {The position is equal.} Nd7 10. Nc4 f6 11. a4 a5 12. Nfd2 $146 ({Predecessor:} 12. Be3 Bxe3 13. Nxe3 Nc5 14. h4 b6 {½-½ (34) Packroff,H (2251)-Gnilka,T (2297) ICCF 2016}) 12... b6 13. Nb3 Be7 14. f4 exf4 15. Bxf4 Nf8 {[%cal Bd7f8,Bf8e6,Be6g5,Bg5h3][%mdl 32]} 16. Kh1 Be6 17. Nbd2 Bf7 18. Ne3 Ne6 19. Bg3 Bf8 20. b3 Qd7 21. e5 fxe5 22. Bxe5 (22. Ng4 $11 Bd6 23. Ne4 (23. Nxe5 Bxe5 24. Bxe5 Nd4 $11) (23. Bxe5 h5 $11)) 22... Ng5 $1 $15 23. d4 c5 (23... Rad8 $15 24. Nf3 Bh5) 24. Ndc4 (24. Nf5 $1 $11 {keeps the balance.} Be6 25. Qg4) 24... Rad8 ({Black should play} 24... cxd4 $17 {Hoping for ...Rad8.} 25. Qxd4 Qxd4 26. Bxd4 Ne4) 25. d5 $36 {[%mdl 2048] White has good play.} c6 (25... Ne4 $11) 26. d6 (26. Nxb6 Qb7 $15) (26. dxc6 $1 $14 Qxc6 27. Qg4) 26... b5 27. Bf4 {[#] aiming for Nb6.} Nxh3 28. Ne5 Qxd6 (28... Qe6 $1 $11 29. Nxf7 (29. gxh3 $2 Qxh3+ 30. Kg1 Rxe5 $19) 29... Nxf4 30. Rxf4 Rd7 31. axb5 Qxe3 32. bxc6 Rxf7 33. Rxf7 Qh6+ 34. Kg1 Bxd6) 29. Nxf7 $16 ({Weaker is} 29. gxh3 Qxe5 30. Bxe5 Rxd1 $17) 29... Qxd1 (29... Qf6 $16 30. Nxd8 Nxf4) 30. Nxd1 $18 (30. Raxd1 $2 {is the wrong capture.} Rxd1 31. Nxd1 Nxf4 $19) 30... Nxf4 31. Nxd8 Nh5 32. Nxc6 {White is clearly winning.} Ng3+ 33. Kg1 Nxf1 34. Kxf1 Rc8 (34... bxa4 $142 35. Rxa4 Bd6) 35. axb5 {Precision: White = 59%, Black = 48%.} 1-0

[Event "Ciutat Barcelona CAT-ARG 2018"]
[Site "Barcelona"]
[Date "2018.10.14"]
[Round "7"]
[White "Perez Ponsa, Federico"]
[Black "Diaz Camallonga, Carles"]
[Result "1-0"]
[WhiteElo "2554"]
[BlackElo "2444"]
[Annotator "TA"]
[PlyCount "83"]
[EventDate "2018.10.08"]
[EventCountry "ESP"]
[SourceTitle "playchess.com"]
[Source "ChessBase"]
[SourceQuality "1"]

{[%evp 16,83,8,2,-1,-1,36,17,20,23,18,0,0,0,0,0,10,0,8,7,18,10,9,10,14,11,12,14,15,4,18,0,34,8,39,17,45,36,16,0,0,0,62,0,0,-88,46,63,72,68,68,74,66,65,287,280,317,317,317,310,312,310,310,310,308,303,453,453,698,697]} 1. e4 e6 2. d4 d5 3. Nc3 Bb4 4. exd5 exd5 5. Bd3 Nc6 6. Nf3 Nge7 {C01: Französische Verteidigung (Abtauschvariante)} 7. O-O Bg4 8. h3 Bh5 9. a3 {LiveBook: 4 Partien} Bxc3 (9... Bd6 10. Re1 Bxf3 11. Qxf3 Nxd4 12. Qxd5 c6 13. Qh5 Qd7 14. Ne4 Ne6 15. Bh6 Qc7 16. Bc4 Bh2+ 17. Kh1 Qe5 18. Ng5 {1-0 (18) Rapport,R (2686)-Bluebaum,M (2643) Germany 2018}) 10. bxc3 Bg6 11. Rb1 b6 12. a4 $146 ({Vorgänger:} 12. Re1 O-O 13. Bg5 f6 14. Bf4 Qd7 {1-0 (87) Kashtanov,R (2396)-Sharavdorj,D (2411) Dos Hermanas 2004}) 12... O-O 13. Ba3 Bxd3 14. Qxd3 h6 15. c4 Re8 16. Rfe1 dxc4 17. Qxc4 Qd5 18. Qb5 a6 19. Qd3 $1 Ng6 20. c4 Qd7 21. d5 Na5 {[%cal Bc6a5,Ba5b7,Bb7d6,Bd6f5,Bf5e7][%mdl 32]} 22. Qc2 Nb7 23. Nd4 Nd6 24. Nc6 Nf5 25. Qc3 Rxe1+ 26. Rxe1 Re8 $1 27. Bb2 {[#] Und Txe8+ würde nun gewinnen.} Rxe1+ 28. Qxe1 Nfe7 ({Günstiger ist} 28... Nd6 $11) 29. Qc3 (29. Nxe7+ $1 $14 Nxe7 30. a5) 29... f6 $11 30. Nd4 (30. Qc2 $11 {hält das Gleichgewicht.}) 30... Nf8 (30... Qxa4 $17 {Droht stark ...Se5.} 31. Ne6 Ne5) 31. a5 $14 bxa5 32. Qxa5 c6 {[%cal Rc6d5]} 33. Qxa6 {[%cal Rd5c6]} cxd5 34. c5 $36 {[%cal Bc4c5,Bc5c6][%mdl 2080] Und weiter mit c6 wäre nett. Weiss steht aktiver.} Kf7 $2 ({Lieber} 34... Qc8 $14 35. Qd6 Qd7) 35. c6 $18 Qc8 36. Qa7 Ne6 37. Nb5 {[#] zielt auf Sd6+ ab.} ({Schlechter ist} 37. Nf5 Qc7 $11) 37... Qxc6 38. Ba3 Qxb5 39. Qxe7+ Kg6 40. Qxe6 Qd3 (40... Qa4 $142 41. Qe3 Qe4 42. Qg3+ Kf7) 41. Bf8 {Schwarz muss nun Dg4+ beachten.} Qd2 (41... Qd1+ $142 42. Kh2 Qd4) 42. Qg4+ {Precision: Weiß = 50%, Schwarz = 40%.} 1-0

[Event "Ciutat Barcelona CAT-ARG 2018"]
[Site "Barcelona"]
[Date "2018.10.14"]
[Round "7"]
[White "Guerra Mendez, Jose Angel"]
[Black "Mareco, Sandro"]
[Result "0-1"]
[WhiteElo "2534"]
[BlackElo "2653"]
[Annotator "TA"]
[PlyCount "80"]
[EventDate "2018.10.08"]
[EventCountry "ESP"]
[SourceTitle "playchess.com"]
[Source "ChessBase"]
[SourceQuality "1"]

{[%evp 23,80,22,30,4,29,31,40,35,41,-5,-3,-118,-112,-130,-134,-129,-109,-163,-166,-168,-170,-152,-91,-142,-142,-114,-152,-197,-225,-247,-247,-247,-247,-246,-226,-333,-348,-333,-335,-348,-345,-350,-345,-473,-473,-450,-389,-533,-525,-506,-506,-797,-792,-819,-793,-770,-773,-755,-733]} 1. e4 c5 2. Nf3 d6 3. g3 Nf6 4. d3 g6 5. Bg2 Bg7 6. O-O O-O 7. Re1 Nc6 8. c3 Bg4 9. h3 Bxf3 10. Qxf3 Rb8 11. Qd1 {A05: Réti Opening: 1 Nf3 Nf6} (11. Be3 Nd7 12. a4 a6 13. Qd1 Qc7 14. Nd2 b5 15. axb5 axb5 16. Rc1 b4 17. d4 bxc3 18. bxc3 Rfc8 {1-0 (39) Saric,I (2664)-Swapnil,S (2533) Caleta 2018}) 11... Nd7 12. a4 a6 {LiveBook: 5 Games} 13. h4 $146 {White has an edge.} ({Predecessor:} 13. Be3 Qb6 14. Qc2 Rfc8 15. Nd2 Qd8 16. f4 b5 17. axb5 axb5 18. Bf2 Rc7 {0-1 (38) Tomerlin,S (2141)-Li,D (2441) Innsbruck 2018}) 13... Qc7 14. h5 b5 15. axb5 axb5 16. Bh3 (16. h6 $5 {[%cal Rh6g7]} Bf6 17. Be3 $11) 16... b4 17. c4 (17. Be3 $11) 17... Nd4 18. Kg2 Ra8 19. Rxa8 Rxa8 20. Nd2 (20. f4 $17 {was necessary.}) 20... Ne5 $19 21. Nb3 Nxb3 22. Qxb3 Qa7 (22... Ra1 $142 23. hxg6 hxg6) 23. hxg6 ({White should try} 23. f4 Nc6 24. hxg6 hxg6 25. Qd1) 23... hxg6 $17 24. f4 Nc6 25. f5 gxf5 $1 26. Bxf5 {[#]} e6 $1 {[%cal Re6f5]} 27. Bg4 {[#]} Qa4 $1 {[%cal Ra4b3]} 28. Qxa4 Rxa4 29. b3 (29. Rf1 {keeps fighting.}) 29... Ra2+ $19 30. Re2 Ra1 31. Bf4 Nd4 32. Rb2 Be5 33. Bxe5 dxe5 {[%mdl 4096] Endgame KRB-KRN} 34. Bh5 Kg7 35. g4 f6 {[%cal Bf7f6,Bf6g5][%mdl 32] Black is clearly winning.} 36. g5 fxg5 37. Rf2 (37. Bg4 $142 Rc1 38. Kf2) 37... Nxb3 38. Rf7+ Kh6 39. Bg4 Nd4 40. Rb7 Kg6 {Precision: White = 29%, Black = 84%.} 0-1

[Event "Ciutat Barcelona CAT-ARG 2018"]
[Site "Barcelona"]
[Date "2018.10.14"]
[Round "7"]
[White "Alonso Rosell, Alvar"]
[Black "Pichot, Alan"]
[Result "1/2-1/2"]
[WhiteElo "2526"]
[BlackElo "2556"]
[Annotator "TA"]
[PlyCount "74"]
[EventDate "2018.10.08"]
[EventCountry "ESP"]
[SourceTitle "playchess.com"]
[Source "ChessBase"]
[SourceQuality "1"]

{[%evp 19,74,42,45,35,49,46,53,50,43,25,30,18,29,20,83,67,88,93,84,91,103,107,102,95,124,124,121,123,121,118,133,114,106,106,88,0,19,19,22,0,42,0,23,23,24,-8,15,12,38,1,8,-8,-8,-82,1,1,0]} 1. d4 Nf6 2. c4 g6 3. Nc3 Bg7 4. e4 d6 5. h3 O-O 6. Be3 Nbd7 7. Nf3 e5 8. d5 Nc5 9. Nd2 a5 10. Be2 c6 {LiveBook: 13 Games. E92: King's Indian: Classical: 6 Be2 e5: 7 dxe5, 7 Be3 and Petrosian System without 7...Nbd7} 11. Qc2 (11. O-O Nfd7 12. Qc2 f5 13. exf5 gxf5 14. f4 exf4 15. Bxf4 Ne5 16. Nf3 Ng6 17. Bh2 f4 18. Qd2 {½-½ (41) Matlakov,M (2730)-Shimanov,A (2623) Sochi 2017}) 11... Bd7 12. O-O Ne8 {White is slightly better.} 13. Rfd1 f5 14. Bxc5 $146 ({Predecessor:} 14. dxc6 Bxc6 15. Bxc5 dxc5 16. Bf3 Qe7 17. Nd5 Qf7 18. Nb3 Bxd5 19. cxd5 {1-0 (46) Schleining,Z (2353)-Wenner,T (2135) Bad Wiessee 2014}) 14... dxc5 15. Nb3 cxd5 16. Nxd5 Rc8 (16... b6 $1 $11) 17. Nxa5 $16 Nd6 {[#]} 18. Nc3 $1 Qc7 19. Qd3 Qxa5 20. Qxd6 Bc6 21. Nd5 {Hoping for Ne7+.} Rcd8 {[#]} 22. Ne7+ $1 Kh8 23. Nxc6 bxc6 24. Qxc6 Rd4 25. Bf3 Rxc4 26. Rd7 {Black must now prevent exf5.} Rd4 27. Qb7 ({White should play} 27. Re7 $16) 27... Rxd7 28. Qxd7 Qb4 29. exf5 {Strongly threatening Qe7.} gxf5 30. Rd1 {And now Qe7 would win.} Qxb2 {next ...e4 is good for Black.} 31. Bd5 e4 32. a4 Bd4 33. Rf1 Qb6 34. Qe7 {[%cal Re7f8]} Qd8 $132 {[%mdl 2048] Black is fighting back} 35. Qxd8 Rxd8 36. Bc6 (36. Bc4 $11 {remains equal.}) 36... Rd6 (36... e3 $17 37. Rd1 Rc8) 37. Bb5 $11 Bc3 {Precision: White = 45%, Black = 42%.} 1/2-1/2

[Event "Ciutat Barcelona CAT-ARG 2018"]
[Site "Barcelona"]
[Date "2018.10.14"]
[Round "7"]
[White "Asis Gargatagli, Hipolito"]
[Black "Peralta, Fernando"]
[Result "1/2-1/2"]
[WhiteElo "2526"]
[BlackElo "2582"]
[Annotator "TA"]
[PlyCount "72"]
[EventDate "2018.10.08"]
[EventCountry "ESP"]
[SourceTitle "playchess.com"]
[Source "ChessBase"]
[SourceQuality "1"]

{[%evp 19,72,31,40,48,35,25,17,17,20,17,32,17,17,29,20,0,0,2,43,0,0,0,116,96,102,41,143,133,170,170,155,112,112,112,112,112,112,112,112,97,90,82,112,82,90,90,103,102,103,94,101,94,113,73,73]} 1. e4 c6 2. d4 d5 3. Nd2 dxe4 4. Nxe4 Bf5 5. Ng3 Bg6 6. N1e2 e6 7. Nf4 Bd6 8. h4 Qc7 9. Nxg6 hxg6 10. Ne4 {B18: Classical Caro-Kann: 4...Bf5 sidelines} Nf6 {LiveBook: 13 Games} (10... Bf4 11. Bxf4 Qxf4 {½-½ (11) Delchev,A (2558)-Jobava,B (2669) Gallipoli 2018}) 11. Nxd6+ Qxd6 12. g3 {White is slightly better.} Qd5 13. Rg1 Nbd7 14. Bg2 $146 ({Predecessor:} 14. Be3 O-O-O 15. c3 Nb6 16. Qb3 Qxb3 17. axb3 a6 {½-½ (59) Motola,J (2063)-Bonazzi,E (2079) Milan 2014}) 14... Qa5+ 15. Qd2 Qb6 16. b3 O-O 17. Bb2 a5 18. a4 Qc7 19. O-O-O Rab8 20. Bc3 $36 {[%mdl 2048] White has good play.} Nd5 (20... Ra8 $11) 21. Bxa5 b6 22. Bb4 ({Better is} 22. Bxd5 $1 $16 exd5 23. Bc3) 22... Rfc8 ({Black should play} 22... Nxb4 $14 23. Qxb4 b5) 23. Bxd5 $1 $16 cxd5 24. Kb2 Ra8 25. g4 Nb8 {[%cal Bd7b8,Bb8c6,Bc6a7][%mdl 32] White is better.} 26. f4 Nc6 27. Bc3 b5 28. axb5 Na7 29. Bb4 Nxb5 30. Bc5 Ra6 31. Ra1 Rc6 {Black wants to play ...Nxd4!} 32. c3 Nd6 {[#]} 33. Bxd6 $1 Qxd6 {[#]} 34. Rgc1 $1 Rb8 35. Ra3 Qd8 36. g5 Rcb6 {Precision: White = 69%, Black = 60%.} 1/2-1/2

[Event "Ciutat Barcelona CAT-ARG 2018"]
[Site "Barcelona"]
[Date "2018.10.14"]
[Round "7"]
[White "Krysa, Leandro"]
[Black "Lopez Martinez, Josep Manuel"]
[Result "1-0"]
[WhiteElo "2503"]
[BlackElo "2581"]
[Annotator "TA"]
[PlyCount "97"]
[EventDate "2018.10.08"]
[EventCountry "ESP"]
[SourceTitle "playchess.com"]
[Source "ChessBase"]
[SourceQuality "1"]

{[%evp 23,96,29,33,-20,33,30,35,32,35,22,54,39,58,50,39,0,36,35,19,21,33,29,45,21,52,46,65,30,39,37,42,28,54,43,55,0,84,84,104,42,70,68,96,87,233,230,221,224,276,247,240,252,252,252,283,283,388,0,0,0,0,-123,236,197,308,310,1484,1386,29977,29979,29979,29980,29998,29999,29999]} 1. d4 e6 2. e4 d5 3. Bd3 c5 4. exd5 exd5 5. Nf3 c4 6. Be2 Bd6 7. b3 cxb3 8. axb3 Ne7 9. O-O O-O 10. c4 {[%cal Bc2c4,Bc4c5][%mdl 32]} Nbc6 11. Nc3 {B22: Sicilian: 2 c3} Bf5 (11... a6 12. Bg5 f6 13. Bh4 Be6 14. Bg3 Kh8 15. c5 Bxg3 16. hxg3 Bg4 17. Re1 Nf5 18. Ra2 Qd7 {1-0 (89) Onischuk,V (2628)-Ali Marandi,C (2476) Gjakova 2016 CBM 173 [Mekhitarian,K]}) 12. Bg5 f6 {LiveBook: 3 Games} 13. Bh4 (13. Bd2 $14) 13... Qd7 $146 (13... Bb4 $11 14. Nxd5 Nxd5 15. cxd5 Ne7) ({Predecessor:} 13... Nb4 14. c5 Bf4 15. Bg3 Bc2 16. Qe1 Ng6 17. Na2 Nxa2 18. Rxa2 Bxb3 {1-0 (56) Olsen,F (2157)-Paehtz,E (2463) Tallinn 2016}) 14. c5 Bc7 15. Bg3 Ba5 16. Nb5 Be4 17. Ra4 a6 18. Nd6 Bc7 19. Qd2 (19. Nh4 {looks sharper.} b5 20. Ra2 Nb4 21. Rb2 g5 22. Nf3) 19... Nf5 (19... Bxd6 $5 20. Bxd6 Rfe8 $11) 20. Nxf5 $1 Bxf5 21. b4 Be4 22. Rfa1 Rad8 23. R4a3 Bxg3 24. hxg3 Na7 25. Ra5 Rfe8 26. Qb2 Nc6 27. R5a3 Na7 28. Bf1 Bf5 29. Nd2 (29. b5 $14) 29... Nb5 {[#]} (29... Re7 $11 {remains equal.}) 30. Ra5 $1 $16 Nc7 31. Nb1 (31. b5 $16) 31... Bxb1 32. Rxb1 Re4 33. Bd3 Rg4 (33... Re7 $16 {is a better defense.}) 34. b5 $18 axb5 35. Bxb5 Qf7 36. Be2 Re4 37. Bf3 Re7 38. Qxb7 h5 39. Ra7 g5 40. g4 $2 ({White should play} 40. Qc6 $18) 40... hxg4 $1 $11 41. Bxg4 {Hoping for Bf5.} f5 $1 {[%cal Rf5g4]} 42. Be2 {[#]} (42. Bf3 $11 {keeps the balance.} Rde8 43. g3) 42... Kg7 $2 {[%mdl 8192]} (42... Rde8 $1 $17 {keeps the pressure on.} 43. Qc6 Rxe2) 43. Qb2 $18 Rh8 (43... Rde8 $142) 44. Qd2 Qg6 $2 (44... f4 45. Qd3 Rh7) 45. Rb6 Qh7 46. Qxg5+ {White mates.} Kf7 47. Qf6+ Ke8 48. Rb8+ Kd7 49. Qd6# {Precision: White = 50%, Black = 25%.} 1-0

[Event "Ciutat Barcelona CAT-ARG 2018"]
[Site "Barcelona"]
[Date "2018.10.14"]
[Round "8"]
[White "Mareco, Sandro"]
[Black "Asis Gargatagli, Hipolito"]
[Result "1-0"]
[WhiteElo "2653"]
[BlackElo "2526"]
[Annotator "TA"]
[PlyCount "73"]
[EventDate "2018.10.08"]
[EventCountry "ESP"]
[SourceTitle "playchess.com"]
[Source "ChessBase"]
[SourceQuality "1"]

{[%evp 13,73,16,34,25,0,6,4,10,30,0,37,0,0,0,0,0,54,52,52,52,51,32,25,25,25,37,64,64,71,24,103,111,106,100,102,105,111,107,107,106,111,114,124,115,122,115,176,181,210,207,214,206,201,185,283,251,402,430,420,430,412,411]} 1. e4 c5 2. Nf3 d6 3. Bb5+ Nd7 4. a4 Ngf6 5. Nc3 g6 (5... a6 6. Bc4 b6 7. O-O Bb7 8. Re1 Qc8 9. d3 g6 10. Bg5 Bg7 11. Qd2 O-O 12. Bh6 Bc6 13. Nd5 {0-1 (55) Jones,G (2677)-Xiong,J (2651) chess.com INT 2018}) 6. O-O {B51: Sicilian: Moscow Variation (3 Bb5+) without 3...Bd7} Bg7 7. a5 O-O {LiveBook: 5 Games} 8. d4 {White is slightly better.} cxd4 9. Nxd4 Nc5 $146 ({Predecessor:} 9... a6 10. Be2 Nc5 11. f3 Bd7 12. Be3 Rc8 13. Qd2 e5 14. Nb3 Nxb3 15. cxb3 {0-1 (37) Bryant,K (2200)-Gleyzer,L (2200) ICCF email 2010}) 10. f3 Bd7 11. Be3 Rc8 12. Qd2 Bxb5 13. Ndxb5 a6 14. Nd4 Ne6 (14... Ncd7 $11) 15. Nxe6 fxe6 16. Ne2 Qc7 17. Nd4 Qd7 18. Rfd1 e5 19. Ne2 d5 20. exd5 e4 21. f4 Ng4 (21... Qb5 $1 $11) 22. c3 $16 Rf5 23. Ng3 Nxe3 24. Qxe3 Rxd5 25. Rxd5 Qxd5 26. Qxe4 Qxe4 27. Nxe4 {[%mdl 4096] Endgame KRB-KRN} Rc4 28. Re1 Ra4 29. b4 Ra3 (29... Ra2 $16) 30. Kf2 $18 Kf8 31. Re3 Ra2+ 32. Kf3 Rc2 33. h3 Rc1 (33... e6 $142 34. Re2 Rc1) 34. Ke2 Rc2+ $2 {[#]} (34... e5 {is a better defense.} 35. Nd6 Bh6 36. Rxe5 Rxc3 37. Re8+ (37. Nxb7 Rc4 $18) 37... Kg7 38. Re7+ (38. Nxb7 Rc4 $18) 38... Kg8) 35. Kd3 Rxg2 36. Nc5 Bh6 37. Rf3 {Precision: White = 72%, Black = 42%.} 1-0